[Event "CYCC U10"]
[Site "Ottawa CAN"]
[Date "2013.07.10"]
[Round "2"]
[White "Currie, Ethan"]
[Black "Miranda-Radbord, Cameron"]
[Result "0-1"]
[WhiteElo "1085"]
[BlackElo "413"]
[PlyCount "72"]
[GameId "2160767909317986"]
[EventDate "2013.07.10"]
[EventType "swiss"]
[EventRounds "6"]
[EventCountry "CAN"]
[SourceTitle "hb 2013"]

1. e4 e5 2. Nf3 Nc6 3. Nc3 Nf6 4. d4 exd4 5. Nxd4 Nxd4 6. Qxd4 d6 7. e5 dxe5 8. Qxe5+ Be7 9. Bb5+ c6 10. Be2 O-O 11. Ne4 Bd7 12. Ng5 Ng4 13. Qg3 Bxg5 14. Qxg4 Bxg4 15. Bxg4 Bxc1 16. Rxc1 Qg5 17. O-O Qxg4 18. h3 Qa4 19. a3 Rad8 20. Rfd1 Rxd1+ 21. Rxd1 Qxc2 22. Rf1 Qxb2 23. a4 h6 24. a5 b5 25. axb6 Qxb6 26. Re1 a5 27. Re7 c5 28. Kh2 a4 29. Re1 a3 30. Ra1 Qb2 31. Rf1 a2 32. g3 a1=Q 33. Rxa1 Qxa1 34. Kg2 c4 35. f3 c3 36. h4 Ra8 0-1

[Event "CYCC U10"]
[Site "Ottawa CAN"]
[Date "2013.07.10"]
[Round "2"]
[White "Feng, Devin"]
[Black "Li, Jack"]
[Result "0-1"]
[WhiteElo "736"]
[BlackElo "1117"]
[PlyCount "66"]
[GameId "2160767909317987"]
[EventDate "2013.07.10"]
[EventType "swiss"]
[EventRounds "6"]
[EventCountry "CAN"]
[SourceTitle "hb 2013"]

1. d4 d5 2. c4 c6 3. Nc3 Nf6 4. Bf4 e6 5. e3 Bd6 6. Bxd6 Qxd6 7. Nf3 O-O 8. Bd3 dxc4 9. Bxc4 b5 10. Bd3 Nd5 11. Nxd5 cxd5 12. Bxb5 Qb4+ 13. Nd2 Qxb5 14. b3 Nc6 15. a4 Qb4 16. O-O e5 17. dxe5 Nxe5 18. Qh5 f5 19. f4 Ng4 20. Rae1 Nf6 21. Qd1 Ba6 22. Rf3 Rac8 23. Nb1 Ne4 24. Nd2 Nc3 25. Qa1 Bd3 26. Rg3 g6 27. a5 Ne2+ 28. Rxe2 Bxe2 29. Qe1 Bd3 30. Nf3 Qa3 31. Nd4 Rc1 32. Qxc1 Qxc1+ 33. Kf2 Qf1# 0-1

[Event "CYCC U10"]
[Site "Ottawa CAN"]
[Date "2013.07.10"]
[Round "2"]
[White "Gaisinsky, Adam"]
[Black "Reny, Alex"]
[Result "1-0"]
[WhiteElo "1460"]
[BlackElo "1067"]
[PlyCount "47"]
[GameId "2160767909317988"]
[EventDate "2013.07.10"]
[EventType "swiss"]
[EventRounds "6"]
[EventCountry "CAN"]
[SourceTitle "hb 2013"]

1. e4 e5 2. Nf3 Nc6 3. Bc4 Nf6 4. O-O Bc5 5. Nc3 O-O 6. d3 h6 7. Be3 d6 8. Bxc5 dxc5 9. Ne2 Bg4 10. Ng3 Nd4 11. h3 Nxf3+ 12. gxf3 Bxh3 13. Re1 Qd7 14. Kh2 Be6 15. Bxe6 Qxe6 16. Rg1 Kh7 17. Qd2 Rg8 18. Rh1 g6 19. Kg2 h5 20. b3 Rad8 21. Qg5 Rde8 22. Rh3 Kg7 23. Nf5+ Kf8 24. Qh6+ 1-0

[Event "CYCC U10"]
[Site "Ottawa CAN"]
[Date "2013.07.10"]
[Round "2"]
[White "Grossmann, Lenard"]
[Black "Low, Ethan"]
[Result "0-1"]
[WhiteElo "1614"]
[BlackElo "1105"]
[PlyCount "126"]
[GameId "2160767909317989"]
[EventDate "2013.07.10"]
[EventType "swiss"]
[EventRounds "6"]
[EventCountry "CAN"]
[SourceTitle "hb 2013"]

1. d4 d6 2. Nf3 Nf6 3. c4 Nbd7 4. Nc3 e5 5. Bg5 Be7 6. Bxf6 Bxf6 7. d5 O-O 8. e4 Be7 9. Bd3 c6 10. Qc2 Qc7 11. O-O Nf6 12. b3 Bg4 13. Nd2 Rac8 14. Rac1 Nh5 15. Be2 Bxe2 16. Nxe2 Bg5 17. g3 Nf6 18. f4 exf4 19. gxf4 Bh6 20. Qd3 Qb6+ 21. Qd4 Rfe8 22. Qxb6 axb6 23. Ng3 cxd5 24. exd5 g6 25. h3 Re3 26. Kg2 Rce8 27. Rf3 Kg7 28. Kf2 Rxf3+ 29. Kxf3 Nh5 30. Nxh5+ gxh5 31. Ne4 Rd8 32. Rg1+ Kf8 33. Nf6 Bg7 34. Nxh7+ Kg8 35. Nf6+ Kh8 36. Nxh5 Bd4 37. f5 Bxg1 38. f6 Bd4 39. Ke4 Be5 40. Kf5 Rg8 41. Nf4 Bxf4 42. Kxf4 Rg6 43. Kf5 Rg2 44. a3 Rg3 45. b4 Rxa3 46. h4 Ra4 47. c5 bxc5 48. bxc5 dxc5 49. d6 Rd4 50. Ke5 b5 51. h5 b4 52. h6 b3 53. h7 b2 54. d7 Rxd7 55. Kf5 b1=Q+ 56. Ke5 Qe1+ 57. Kf5 Qe6+ 58. Kg5 Rd5+ 59. Kh4 Qe4+ 60. Kg3 Rd3+ 61. Kf2 Qe3+ 62. Kf1 Rd1+ 63. Kg2 Rd2+ 0-1

[Event "CYCC U10"]
[Site "Ottawa CAN"]
[Date "2013.07.10"]
[Round "2"]
[White "Hua, Eugene"]
[Black "Feng, Richard"]
[Result "0-1"]
[WhiteElo "1868"]
[BlackElo "1364"]
[PlyCount "74"]
[GameId "2160767909317990"]
[EventDate "2013.07.10"]
[EventType "swiss"]
[EventRounds "6"]
[EventCountry "CAN"]
[SourceTitle "hb 2013"]

1. e4 c5 2. c3 d6 3. d4 cxd4 4. cxd4 Nf6 5. Nc3 g6 6. Bc4 Bg7 7. Nf3 Nc6 8. h3 a6 9. a4 Na5 10. Bd3 O-O 11. O-O Be6 12. d5 Bd7 13. Nd4 Nxd5 14. exd5 Bxd4 15. Bh6 Bg7 16. Bxg7 Kxg7 17. b4 Rc8 18. Be2 Kg8 19. Rc1 Nc4 20. Re1 Re8 21. Qb3 Nd2 22. Qa2 Qb6 23. Qxd2 Qxb4 24. Qc2 Rc7 25. Na2 Qxe1+ 26. Rxe1 Rxc2 27. Nb4 Rb2 28. Nd3 Ra2 29. Bd1 Bxa4 30. Bxa4 Rxa4 31. Rb1 Rd4 32. Nb4 Rc8 33. Kf1 a5 34. Na2 Rxd5 35. Rxb7 Rd2 36. Rxe7 Rxa2 37. g4 Rcc2 0-1

[Event "CYCC U10"]
[Site "Ottawa CAN"]
[Date "2013.07.10"]
[Round "2"]
[White "Huang, Qiuyu"]
[Black "Liu, Daniel1"]
[Result "0-1"]
[WhiteElo "1258"]
[BlackElo "1689"]
[PlyCount "68"]
[GameId "2160767909317991"]
[EventDate "2013.07.10"]
[EventType "swiss"]
[EventRounds "6"]
[EventCountry "CAN"]
[SourceTitle "EXT 2022"]
[Source "ChessBase"]
[SourceDate "2021.10.06"]
[SourceVersion "1"]
[SourceVersionDate "2021.10.06"]
[SourceQuality "1"]

1. e4 e5 2. Nf3 Nc6 3. Bc4 Bc5 4. c3 Nf6 5. d4 exd4 6. cxd4 Bb6 7. Nc3 d6 8. Bg5 h6 9. Bf4 Bg4 10. d5 Nd4 11. Qa4+ Nd7 12. Nxd4 Bxd4 13. O-O O-O 14. Kh1 a6 15. Be2 Bxe2 16. Nxe2 Bxb2 17. Rab1 Nc5 18. Qc4 Qf6 19. Be3 b5 20. Qb4 Na4 21. f4 Rfe8 22. Rfd1 Bc3 23. Nxc3 Qxc3 24. Bd2 Qc2 25. Rbc1 Qxe4 26. Re1 Qxd5 27. Rxe8+ Rxe8 28. Rxc7 Re2 29. Rc8+ Kh7 30. Qb1+ g6 31. Qf1 Qxd2 32. Rc1 Nc3 33. f5 Ne4 34. fxg6+ Kxg6 0-1

[Event "CYCC U10"]
[Site "Ottawa CAN"]
[Date "2013.07.10"]
[Round "2"]
[White "Pulfer, Luke"]
[Black "Barsamyan, Davit"]
[Result "1-0"]
[WhiteElo "1645"]
[BlackElo "1266"]
[PlyCount "93"]
[GameId "2160767909317995"]
[EventDate "2013.07.10"]
[EventType "swiss"]
[EventRounds "6"]
[EventCountry "CAN"]
[SourceTitle "hb 2013"]

1. d4 d5 2. c4 e5 3. e3 c6 4. Nc3 Nf6 5. dxe5 Nfd7 6. cxd5 Nxe5 7. Nf3 Nxf3+ 8. Qxf3 Be7 9. dxc6 Nxc6 10. Bb5 Bd7 11. O-O a6 12. Ba4 b5 13. Bb3 O-O 14. Rd1 Qc7 15. Nd5 Qd8 16. Bd2 a5 17. a3 Ne5 18. Qe2 Rb8 19. Bxa5 Qxa5 20. Nxe7+ Kh8 21. Nd5 Bg4 22. f3 Be6 23. Rac1 b4 24. Qe1 Nc6 25. Rxc6 Rfd8 26. axb4 Qb5 27. Rc5 Qb7 28. Qc3 Rbc8 29. Rxc8 Rxc8 30. Qd4 Rd8 31. e4 h6 32. Rc1 Rc8 33. Rxc8+ Qxc8 34. Qc5 Qb7 35. Bc2 Qb8 36. Qc7 Qa8 37. Kf2 Qe8 38. b5 Qf8 39. b6 Bxd5 40. exd5 Qe8 41. b7 g6 42. b8=Q Qxb8 43. Qxb8+ Kg7 44. Qe5+ Kh7 45. Qf6 Kg8 46. b4 Kh7 47. Qxf7+ 1-0

[Event "CYCC U10"]
[Site "Ottawa CAN"]
[Date "2013.07.10"]
[Round "2"]
[White "Surya, Benito"]
[Black "Zhang, Henry"]
[Result "1-0"]
[WhiteElo "1736"]
[BlackElo "1289"]
[PlyCount "91"]
[GameId "2160767909318001"]
[EventDate "2013.07.10"]
[EventType "swiss"]
[EventRounds "6"]
[EventCountry "CAN"]
[SourceTitle "hb 2013"]

1. e4 c5 2. c3 d6 3. d4 cxd4 4. cxd4 Nf6 5. Nc3 a6 6. Be3 g6 7. Nf3 Bg7 8. h3 b5 9. a3 Bb7 10. Bd3 Nbd7 11. Rc1 Rc8 12. Qd2 Nb6 13. b3 h6 14. O-O Nfd7 15. Rfe1 e6 16. Kh1 g5 17. Nh2 e5 18. Ne2 O-O 19. Bb1 exd4 20. Bxd4 Bxd4 21. Nxd4 Nc5 22. b4 Ne6 23. Nf5 Nc4 24. Qd3 Kh7 25. Qf3 Ng7 26. Nxg7 Kxg7 27. Qh5 Qf6 28. Nf3 Qg6 29. Qg4 Qe6 30. Qg3 Qf6 31. Red1 Qg6 32. e5 Qh5 33. exd6 Bxf3 34. gxf3 Rcd8 35. Bf5 f6 36. Be6 Nxa3 37. Rc7+ Kh8 38. d7 Qg6 39. Qd6 Qg7 40. Rdc1 f5 41. Rc8 Kh7 42. Rxd8 Rxd8 43. Rc8 Rxc8 44. dxc8=Q Nc4 45. Bxf5+ Qg6 46. Qxg6# 1-0

[Event "CYCC U10"]
[Site "Ottawa CAN"]
[Date "2013.07.10"]
[Round "2"]
[White "Tinica, Gabriel"]
[Black "Richardson, Kai"]
[Result "0-1"]
[WhiteElo "1132"]
[BlackElo "1626"]
[PlyCount "80"]
[GameId "2160767909318003"]
[EventDate "2013.07.10"]
[EventType "swiss"]
[EventRounds "6"]
[EventCountry "CAN"]
[SourceTitle "hb 2013"]

1. d4 d5 2. c4 e6 3. Nc3 Nf6 4. Bg5 Be7 5. e3 O-O 6. Nf3 c6 7. Qc2 Nbd7 8. Bd3 h6 9. Bh4 dxc4 10. Bxc4 b5 11. Bd3 a6 12. O-O c5 13. dxc5 Nxc5 14. Rfd1 Nxd3 15. Rxd3 Qc7 16. Bg3 Qb6 17. Rad1 Bb7 18. Ne5 Rac8 19. Qb1 b4 20. Ne2 Be4 21. Nd4 Bc5 22. Nb3 Bxd3 23. Nxd3 Be7 24. Be5 Rfd8 25. Bd4 Qc6 26. Rc1 Qe4 27. Rd1 Qf5 28. f3 Qb5 29. f4 a5 30. Be5 Ng4 31. Bd4 Bf6 32. h3 e5 33. Bc5 a4 34. hxg4 axb3 35. fxe5 bxa2 36. Qxa2 Bxe5 37. Qb3 Rxd3 38. Rxd3 Qxc5 39. Rd5 Qc1+ 40. Rd1 Qxb2 0-1

[Event "CYCC U10"]
[Site "Ottawa CAN"]
[Date "2013.07.10"]
[Round "2"]
[White "Wang, Alex1"]
[Black "Ming, Wenyang"]
[Result "0-1"]
[WhiteElo "1339"]
[BlackElo "1851"]
[PlyCount "104"]
[GameId "2160767909318004"]
[EventDate "2013.07.10"]
[EventType "swiss"]
[EventRounds "6"]
[EventCountry "CAN"]
[SourceTitle "EXT 2022"]
[Source "ChessBase"]
[SourceDate "2021.10.06"]
[SourceVersion "1"]
[SourceVersionDate "2021.10.06"]
[SourceQuality "1"]

1. d4 Nf6 2. c4 c5 3. d5 b5 4. b3 g6 5. Bb2 Bg7 6. Nd2 d6 7. e4 Qa5 8. Ngf3 O-O 9. Bd3 Nxe4 10. Bxg7 Nxd2 11. Qxd2 Qxd2+ 12. Kxd2 Kxg7 13. cxb5 a6 14. Rhe1 Re8 15. a4 Nd7 16. a5 Bb7 17. bxa6 Bxd5 18. Bb5 Ra7 19. Re3 Rb8 20. Bxd7 Rxd7 21. Rd3 Bxb3 22. Rb1 c4 23. Rc3 Ra8 24. Nd4 Rxa6 25. Ra1 Rda7 26. Rac1 Rxa5 27. Nxb3 Ra2+ 28. R1c2 cxb3 29. Rxb3 Rxc2+ 30. Kxc2 Ra2+ 31. Rb2 Rxb2+ 32. Kxb2 Kf6 33. Kc2 Ke5 34. Kd3 f5 35. g3 g5 36. f3 h5 37. h3 Kd5 38. Ke3 e5 39. h4 gxh4 40. gxh4 f4+ 41. Kd2 Ke6 42. Kd3 d5 43. Kd2 Kf5 44. Ke2 e4 45. fxe4+ dxe4 46. Kf2 f3 47. Kg3 Ke5 48. Kf2 Kf4 49. Kf1 e3 50. Ke1 Kg3 51. Kf1 f2 52. Ke2 Kg2 0-1

[Event "CYCC U10"]
[Site "Ottawa CAN"]
[Date "2013.07.10"]
[Round "3"]
[White "Jia, Yu Luo"]
[Black "Currie, Ethan"]
[Result "1-0"]
[WhiteElo "770"]
[BlackElo "1085"]
[PlyCount "31"]
[GameId "2160767909318010"]
[EventDate "2013.07.10"]
[EventType "swiss"]
[EventRounds "6"]
[EventCountry "CAN"]
[SourceTitle "EXT 2022"]
[Source "ChessBase"]
[SourceDate "2021.10.06"]
[SourceVersion "1"]
[SourceVersionDate "2021.10.06"]
[SourceQuality "1"]

1. e4 e5 2. Nf3 Nc6 3. Nc3 Nf6 4. Bb5 Nb4 5. Nxe5 c6 6. Bc4 Qe7 7. Nxf7 Rg8 8. d3 d5 9. a3 dxc4 10. axb4 Qxf7 11. O-O Qg6 12. g3 Ng4 13. dxc4 Qh5 14. h4 Qf7 15. Bg5 Bxb4 16. Qd8# 1-0

[Event "CYCC U10"]
[Site "Ottawa CAN"]
[Date "2013.07.11"]
[Round "3"]
[White "Du, Daniel"]
[Black "Feng, Devin"]
[Result "1-0"]
[WhiteElo "1038"]
[BlackElo "736"]
[PlyCount "129"]
[GameId "2160767909318015"]
[EventDate "2013.07.10"]
[EventType "swiss"]
[EventRounds "6"]
[EventCountry "CAN"]
[SourceTitle "hb 2013"]

1. e4 e5 2. Nf3 Nc6 3. Bb5 Nf6 4. Nc3 a6 5. Ba4 Bc5 6. Nxe5 Nxe5 7. d4 Bxd4 8. Qxd4 Nc6 9. Bxc6 bxc6 10. O-O O-O 11. Bg5 d6 12. f4 c5 13. Qf2 h6 14. Bh4 Ng4 15. Bxd8 Nxf2 16. Bxc7 Ng4 17. Bxd6 Rd8 18. Bxc5 a5 19. Rad1 Re8 20. h3 Nf6 21. Rfe1 Nd7 22. Bd6 Nb6 23. Nd5 Nxd5 24. Rxd5 Bb7 25. Re5 Red8 26. Re7 Ba6 27. e5 Bc4 28. Rc7 Bd5 29. Re3 a4 30. c4 Be6 31. g4 Rab8 32. f5 Bc8 33. b4 f6 34. c5 Rxb4 35. e6 Rb1+ 36. Kf2 Rb2+ 37. Re2 Rxe2+ 38. Kxe2 Ba6+ 39. Kf3 Bc4 40. a3 g5 41. Rf7 Re8 42. Rxf6 Bd5+ 43. Kg3 Kh7 44. e7 Bc6 45. Rf8 Kg7 46. f6+ Kg6 47. f7 Rxe7 48. Bxe7 Bd5 49. Rd8 Bxf7 50. c6 Be6 51. c7 Kf7 52. c8=Q Bxc8 53. Rxc8 Kxe7 54. Ra8 Kd7 55. Rxa4 Kc6 56. Rb4 Kc5 57. Rb1 Kd6 58. a4 Kc6 59. a5 Kd6 60. a6 Ke6 61. a7 Kf6 62. a8=Q Kg6 63. Qf8 Kh7 64. Rb6 h5 65. Rh6# 1-0

[Event "CYCC U10"]
[Site "Ottawa CAN"]
[Date "2013.07.11"]
[Round "3"]
[White "Guo, Thomas"]
[Black "Feng, Richard"]
[Result "1-0"]
[WhiteElo "1608"]
[BlackElo "1364"]
[PlyCount "125"]
[GameId "2160767909318018"]
[EventDate "2013.07.10"]
[EventType "swiss"]
[EventRounds "6"]
[EventCountry "CAN"]
[SourceTitle "hb 2013"]

1. e4 c5 2. Nf3 d6 3. d4 cxd4 4. Nxd4 Nf6 5. Nc3 g6 6. g3 Bg7 7. Bg2 O-O 8. O-O Nc6 9. Nde2 Bg4 10. h3 Bd7 11. Be3 Qc8 12. a4 Bxh3 13. Nf4 Bxg2 14. Kxg2 Ne5 15. Ncd5 Nxd5 16. Nxd5 Qd7 17. Ra2 Nc4 18. Bd4 Qe6 19. Bxg7 Qxe4+ 20. f3 Qxd5 21. Qxd5 Ne3+ 22. Kf2 Nxd5 23. Bxf8 Kxf8 24. Ra3 Rc8 25. c3 Nb6 26. Re1 Nc4 27. Rb3 Ne5 28. Rh1 b6 29. Rxh7 Nd3+ 30. Ke3 Kg8 31. Rh1 Nc5 32. Rb4 g5 33. f4 gxf4+ 34. Rxf4 Kg7 35. Rg4+ Kf6 36. Rh6+ Ke5 37. Rg5+ f5 38. g4 e6 39. gxf5 exf5 40. Rhh5 Rf8 41. Rg7 Nxa4 42. Rxa7 Nxb2 43. Ra2 Nc4+ 44. Kd3 d5 45. Rh6 f4 46. Re2+ Kf5 47. Rh5+ Kg4 48. Rxd5 f3 49. Re4+ Kg3 50. Rg5+ Kh3 51. Rh5+ Kg3 52. Kxc4 f2 53. Rh1 f1=Q+ 54. Rxf1 Rxf1 55. Kb5 Rb1+ 56. Rb4 Rc1 57. c4 Kf4 58. Kxb6 Ke5 59. Kc6 Ke6 60. c5 Rd1 61. Re4+ Kf7 62. Kc7 Rc1 63. c6 1-0

[Event "CYCC U10"]
[Site "Ottawa CAN"]
[Date "2013.07.11"]
[Round "3"]
[White "Kilroy, Sheldon"]
[Black "Larochelle, Matthieu"]
[Result "1-0"]
[WhiteElo "902"]
[BlackElo "1041"]
[PlyCount "55"]
[GameId "2160767909318021"]
[EventDate "2013.07.10"]
[EventType "swiss"]
[EventRounds "6"]
[EventCountry "CAN"]
[SourceTitle "hb 2013"]

1. e4 e5 2. Bc4 Nf6 3. Nc3 Bc5 4. Nf3 Ng4 5. O-O Nc6 6. Qe1 d6 7. h3 Nf6 8. d3 Nd4 9. Nxd4 exd4 10. Nb5 c6 11. Na3 b5 12. Bb3 b4 13. Nc4 Nh5 14. h4 Rg8 15. Bg5 f6 16. Nxd6+ Qxd6 17. Bxg8 fxg5 18. hxg5 Bb6 19. e5 Qg6 20. Qxb4 Qxg5 21. Rfe1 Bh3 22. Kf1 Nf4 23. Rec1 c5 24. Qb5+ Kd8 25. Qc6 Rc8 26. Qd6+ Ke8 27. e6 Rd8 28. Bf7# 1-0

[Event "CYCC U10"]
[Site "Ottawa CAN"]
[Date "2013.07.11"]
[Round "3"]
[White "Liu, Daniel1"]
[Black "Gaisinsky, Adam"]
[Result "1-0"]
[WhiteElo "1689"]
[BlackElo "1460"]
[PlyCount "69"]
[GameId "2160767909318023"]
[EventDate "2013.07.10"]
[EventType "swiss"]
[EventRounds "6"]
[EventCountry "CAN"]
[SourceTitle "EXT 2022"]
[Source "ChessBase"]
[SourceDate "2021.10.06"]
[SourceVersion "1"]
[SourceVersionDate "2021.10.06"]
[SourceQuality "1"]

1. e4 c6 2. Nf3 d5 3. e5 Bf5 4. d4 e6 5. Bd3 Bxd3 6. Qxd3 Ne7 7. O-O Ng6 8. Nc3 Be7 9. Ne2 O-O 10. Ng3 Nd7 11. Be3 Qb6 12. a4 c5 13. c3 c4 14. Qc2 a6 15. Rfb1 Qc6 16. b4 Qc7 17. b5 a5 18. Ng5 h6 19. Nxe6 Qb6 20. Nxf8 Ndxf8 21. Nf5 Qe6 22. f4 Qd7 23. Rf1 Re8 24. Nxe7+ Qxe7 25. f5 Nh8 26. f6 gxf6 27. Rxf6 h5 28. Raf1 Nh7 29. Rh6 f6 30. Qf5 Rf8 31. Rf3 fxe5 32. Rg3+ Ng6 33. Rgxg6+ Kh8 34. Rxh7+ Kxh7 35. Qxh5# 1-0

[Event "CYCC U10"]
[Site "Ottawa CAN"]
[Date "2013.07.11"]
[Round "3"]
[White "Low, Ethan"]
[Black "Hua, Eugene"]
[Result "0-1"]
[WhiteElo "1105"]
[BlackElo "1868"]
[PlyCount "96"]
[GameId "2160767909318024"]
[EventDate "2013.07.10"]
[EventType "swiss"]
[EventRounds "6"]
[EventCountry "CAN"]
[SourceTitle "hb 2013"]

1. e4 e5 2. Nf3 Nc6 3. Bc4 Bc5 4. c3 Nf6 5. d3 O-O 6. O-O d5 7. exd5 Nxd5 8. Re1 Nb6 9. Bb3 Qd6 10. Qe2 Bg4 11. Nbd2 Qd8 12. Qe4 Qd7 13. Nxe5 Nxe5 14. d4 Bf5 15. Qxb7 Nd3 16. dxc5 Nxe1 17. cxb6 axb6 18. Nf1 Nd3 19. Be3 Nxb2 20. Ng3 Be6 21. Bxe6 Qxe6 22. Qxc7 Rxa2 23. Rxa2 Qxa2 24. h3 Nc4 25. Bd4 Qb1+ 26. Kh2 Qb5 27. Qf4 f6 28. Qg4 Ne5 29. Qe6+ Nf7 30. Bxb6 Re8 31. Qg4 Qxb6 32. Nh5 g6 33. Nf4 Ne5 34. Qg3 Rc8 35. Nd5 Qe6 36. Nf4 Qc4 37. Nh5 Kf7 38. Nf4 Qxc3 39. f3 Qd4 40. Ne2 Qd2 41. f4 Qxe2 42. fxe5 Qxe5 43. Qxe5 fxe5 44. Kg3 Rc4 45. Kf3 Kf6 46. g4 Kg5 47. Kg3 Rc3+ 48. Kg2 Kh4 0-1

[Event "CYCC U10"]
[Site "Ottawa CAN"]
[Date "2013.07.11"]
[Round "3"]
[White "Miranda-Radbord, Cameron"]
[Black "Wang, Alex1"]
[Result "0-1"]
[WhiteElo "413"]
[BlackElo "1339"]
[PlyCount "61"]
[GameId "2160767909318027"]
[EventDate "2013.07.10"]
[EventType "swiss"]
[EventRounds "6"]
[EventCountry "CAN"]
[SourceTitle "EXT 2022"]
[Source "ChessBase"]
[SourceDate "2021.10.06"]
[SourceVersion "1"]
[SourceVersionDate "2021.10.06"]
[SourceQuality "1"]

1. e4 c5 2. Bc4 Nc6 3. Nc3 Nf6 4. Nf3 e6 5. d3 Na5 6. Bf4 d6 7. O-O Be7 8. e5 dxe5 9. Bxe5 O-O 10. Nb5 Bd7 11. Bc7 Qc8 12. Bxa5 b6 13. Bd2 a6 14. Nc3 b5 15. Bb3 a5 16. a4 b4 17. Nb5 Bxb5 18. axb5 Rd8 19. Re1 Qb7 20. Bc4 a4 21. Qe2 Nd5 22. Bxd5 Rxd5 23. Qe3 Qxb5 24. c4 bxc3 25. bxc3 Qxd3 26. Qe4 Qxe4 27. Rxe4 Rd7 28. g3 Bf6 29. Rae1 a3 30. Bg5 Bxc3 31. R1e2 0-1

[Event "CYCC U10"]
[Site "Ottawa CAN"]
[Date "2013.07.11"]
[Round "3"]
[White "Richardson, Kai"]
[Black "Ju, Lawrence"]
[Result "1-0"]
[WhiteElo "1626"]
[BlackElo "1426"]
[PlyCount "71"]
[GameId "2160767909318030"]
[EventDate "2013.07.10"]
[EventType "swiss"]
[EventRounds "6"]
[EventCountry "CAN"]
[SourceTitle "hb 2013"]

1. d4 Nf6 2. c4 g6 3. Nc3 Bg7 4. e4 d6 5. Nf3 O-O 6. Be2 e5 7. d5 Nbd7 8. O-O Nc5 9. Qc2 a5 10. Bg5 Qe8 11. Be3 Nfd7 12. Nd2 f5 13. f3 f4 14. Bf2 g5 15. Nb3 Nxb3 16. axb3 h5 17. Nb5 Qd8 18. b4 b6 19. bxa5 bxa5 20. b4 Nf6 21. Ra3 g4 22. Rfa1 Nh7 23. Rxa5 Rxa5 24. bxa5 Qg5 25. Qc1 g3 26. hxg3 fxg3 27. Qxg5 gxf2+ 28. Kxf2 Nxg5 29. Ke3 Bh6 30. Kd3 Bb7 31. Nxc7 Rc8 32. Nb5 Nf7 33. a6 Ba8 34. a7 Bf4 35. Ra6 Bb7 36. Rb6 1-0

[Event "CYCC U10"]
[Site "Ottawa CAN"]
[Date "2013.07.11"]
[Round "3"]
[White "Talukdar, Rohan"]
[Black "Surya, Benito"]
[Result "1/2-1/2"]
[WhiteElo "1532"]
[BlackElo "1736"]
[PlyCount "41"]
[GameId "2160767909318031"]
[EventDate "2013.07.10"]
[EventType "swiss"]
[EventRounds "6"]
[EventCountry "CAN"]
[SourceTitle "EXT 2022"]
[Source "ChessBase"]
[SourceDate "2021.10.06"]
[SourceVersion "1"]
[SourceVersionDate "2021.10.06"]
[SourceQuality "1"]

1. d4 d5 2. c4 e6 3. Nc3 c5 4. cxd5 exd5 5. Nf3 Nc6 6. e3 Nf6 7. a3 Be6 8. Be2 Be7 9. O-O O-O 10. Bd2 Ne4 11. Rc1 Nxd2 12. Qxd2 cxd4 13. exd4 Rc8 14. b4 a6 15. Na4 Bg4 16. Nc5 Bxf3 17. Bxf3 Bg5 18. Qd3 Bxc1 19. Rxc1 Qh4 20. Rd1 Rfe8 21. Nxb7 1/2-1/2

[Event "CYCC U10"]
[Site "Ottawa CAN"]
[Date "2013.07.11"]
[Round "3"]
[White "Xu, David1"]
[Black "Grossmann, Lenard"]
[Result "0-1"]
[WhiteElo "776"]
[BlackElo "1614"]
[PlyCount "52"]
[GameId "2160767909318034"]
[EventDate "2013.07.10"]
[EventType "swiss"]
[EventRounds "6"]
[EventCountry "CAN"]
[SourceTitle "EXT 2022"]
[Source "ChessBase"]
[SourceDate "2021.10.06"]
[SourceVersion "1"]
[SourceVersionDate "2021.10.06"]
[SourceQuality "1"]

1. d4 e6 2. e4 d5 3. e5 c5 4. c3 Nc6 5. Nf3 Qb6 6. Be2 Nge7 7. O-O Nf5 8. dxc5 Bxc5 9. b4 Be7 10. a3 f6 11. exf6 Bxf6 12. Bg5 Bd7 13. Bxf6 gxf6 14. c4 dxc4 15. Bxc4 O-O-O 16. Nc3 Ncd4 17. Ne2 Nxf3+ 18. gxf3 Rhg8+ 19. Ng3 Nxg3 20. hxg3 Rxg3+ 21. Kh1 Rh3+ 22. Kg2 Rh4 23. Kg3 Rxc4 24. Rc1 Qc7+ 25. Kh3 e5+ 26. Kg2 Rg8+ 0-1

[Event "CYCC U10"]
[Site "Ottawa CAN"]
[Date "2013.07.11"]
[Round "4"]
[White "Chevalier, Miguel"]
[Black "Feng, Devin"]
[Result "1-0"]
[WhiteElo "1029"]
[BlackElo "736"]
[PlyCount "89"]
[GameId "2160767909318040"]
[EventDate "2013.07.10"]
[EventType "swiss"]
[EventRounds "6"]
[EventCountry "CAN"]
[SourceTitle "hb 2013"]

1. e4 e5 2. Qh5 Nf6 3. Qf3 Bc5 4. Bc4 O-O 5. d3 h6 6. b3 Nc6 7. Nc3 Bd4 8. Kd2 d6 9. Bb2 Bg4 10. Qg3 h5 11. f3 Be6 12. Bxe6 fxe6 13. Nh3 d5 14. exd5 Nxd5 15. Nxd5 Qxd5 16. Bxd4 Qxd4 17. Ng5 Qb4+ 18. c3 h4 19. Qg4 Qf4+ 20. Qxf4 exf4 21. Nxe6 Rfe8 22. Nxc7 Rac8 23. Nxe8 Rxe8 24. c4 Nd4 25. Kc3 Ne2+ 26. Kd2 Nd4 27. Rae1 Rf8 28. Re4 Nc6 29. d4 Nd8 30. g3 hxg3 31. hxg3 fxg3 32. Rg1 Rxf3 33. Rg4 Rf2+ 34. Kc3 Rf5 35. d5 Rf3+ 36. Kd4 g2 37. R1xg2 Rf1 38. Rxg7+ Kf8 39. c5 Rf2 40. Rxf2+ Kxg7 41. Ke5 Nf7+ 42. Ke6 Nh8 43. c6 bxc6 44. dxc6 Ng6 45. Kd6 1-0

[Event "CYCC U10"]
[Site "Ottawa CAN"]
[Date "2013.07.11"]
[Round "4"]
[White "Currie, Ethan"]
[Black "Grenier, Nicolas"]
[Result "0-1"]
[WhiteElo "1085"]
[BlackElo "1029"]
[PlyCount "90"]
[GameId "2160767909318041"]
[EventDate "2013.07.10"]
[EventType "swiss"]
[EventRounds "6"]
[EventCountry "CAN"]
[SourceTitle "hb 2013"]

1. e4 e5 2. Nf3 Nf6 3. Nc3 Nc6 4. d4 d5 5. exd5 Nxd5 6. Nxd5 Qxd5 7. dxe5 Qxd1+ 8. Kxd1 f6 9. exf6 gxf6 10. Bb5 Bg4 11. Re1+ Kd7 12. Bxc6+ Kxc6 13. Re3 Bc5 14. Rc3 Rhd8+ 15. Bd2 Bxf3+ 16. gxf3 Re8 17. Be3 Rad8+ 18. Ke1 Rd5 19. Kf1 b6 20. Bxc5 Rxc5 21. Re3 Rxe3 22. fxe3 Rxc2 23. Rb1 Rxh2 24. Kg1 Rc2 25. Kf1 h5 26. f4 h4 27. e4 h3 28. Kg1 b5 29. e5 fxe5 30. fxe5 Kd7 31. Re1 h2+ 32. Kh1 Rxb2 33. e6+ Ke7 34. a3 c5 35. Re3 b4 36. axb4 cxb4 37. Re4 b3 38. Re3 a5 39. Re4 Rc2 40. Re1 a4 41. Re4 a3 42. Re1 b2 43. Rb1 a2 44. Re1 b1=Q 45. Rxb1 axb1=Q# 0-1

[Event "CYCC U10"]
[Site "Ottawa CAN"]
[Date "2013.07.11"]
[Round "4"]
[White "Feng, Richard"]
[Black "Low, Ethan"]
[Result "1/2-1/2"]
[WhiteElo "1364"]
[BlackElo "1105"]
[PlyCount "58"]
[GameId "2160767909318042"]
[EventDate "2013.07.10"]
[EventType "swiss"]
[EventRounds "6"]
[EventCountry "CAN"]
[SourceTitle "hb 2013"]

1. e4 d6 2. d4 Nf6 3. Nc3 e5 4. d5 c6 5. Be3 Nbd7 6. Nf3 Be7 7. dxc6 bxc6 8. Bc4 O-O 9. O-O Qc7 10. Qd2 Bb7 11. Rae1 a5 12. Bg5 Ba6 13. Bxa6 Rxa6 14. Nh4 Rd8 15. Nf5 Bf8 16. Qe3 Kh8 17. f4 Qb6 18. Qxb6 Rxb6 19. fxe5 Nxe5 20. b3 Rd7 21. Bxf6 gxf6 22. Ng3 d5 23. Rxf6 Bb4 24. Na4 Bxe1 25. Nxb6 Rb7 26. Na4 Bxg3 27. hxg3 dxe4 28. Rf4 Ng6 29. Rxe4 Re7 1/2-1/2